| 000 | 00857cam a22002293a 4500 | ||
|---|---|---|---|
| 001 | 28729 | ||
| 003 | PGUSA | ||
| 005 | 20140828083624.0 | ||
| 008 | 090508s2009||||xxu|||||s|||||000 | eng d | ||
| 040 |
_aPGUSA _beng |
||
| 042 | _adc | ||
| 050 | 4 | _aDS | |
| 100 | 1 |
_aBarrow, John, _cSir, _d1764-1848 |
|
| 245 | 1 | 0 |
_aTravels in China, Containing Descriptions, Observations, and Comparisons, Made and Collected in the Course of a Short Residence at the Imperial Palace of Yuen-Min-Yuen, and on a Subsequent Journey through the Country from Pekin to Canton _h[electronic resource] / _cJohn, Barrow |
| 260 |
_bProject Gutenberg, _c2009 |
||
| 506 | _aPublic domain in the USA. | ||
| 516 | _aElectronic text | ||
| 653 | _aChina -- Description and travel | ||
| 830 | 0 |
_aProject Gutenberg _v28729 |
|
| 856 | 4 | 0 | _uhttp://www.gutenberg.org/ebooks/28729 |
| 942 | _cEB | ||
| 999 |
_c257984 _d257984 |
||